Phân tích lợi ích kinh tế và nâng cấp chuỗi giá trị nhãn xã An Nhơn, tỉnh Đồng Tháp : Báo cáo tổng kết đề tài khoa học và công nghệ cấp Trường
Phân tích lợi ích kinh tế và đề ra giải pháp nâng cấp chuỗi giá trị cây nhãn xã An Nhơn, tỉnh Đồng Tháp
Gorde:
| Egile nagusia: | |
|---|---|
| Formatua: | Liburua |
| Hizkuntza: | Undetermined |
| Argitaratua: |
Cần Thơ
Trường Đại học Cần Thơ
2013
|
| Gaiak: | |
| Etiketak: |
Etiketa erantsi
Etiketarik gabe, Izan zaitez lehena erregistro honi etiketa jartzen!
|
| Thư viện lưu trữ: | Trung tâm Học liệu Trường Đại học Cần Thơ |
|---|
| LEADER | 01186nam a2200241Ia 4500 | ||
|---|---|---|---|
| 001 | CTU_203468 | ||
| 008 | 210402s9999 xx 000 0 und d | ||
| 082 | |a 664.028 | ||
| 082 | |b Kh103 | ||
| 088 | |a TSV2012-01 | ||
| 100 | |a Ngô, Hoàng Khải | ||
| 245 | 0 | |a Phân tích lợi ích kinh tế và nâng cấp chuỗi giá trị nhãn xã An Nhơn, tỉnh Đồng Tháp : | |
| 245 | 0 | |b Báo cáo tổng kết đề tài khoa học và công nghệ cấp Trường | |
| 245 | 0 | |c Ngô Hoàng Khải (chủ nhiệm đề tài) ; Nguyễn Tri Nam Khang (cán bộ hướng dẫn) ; Trầm Thanh Thảo... [et al.] (tham gia thực hiện) | |
| 260 | |a Cần Thơ | ||
| 260 | |b Trường Đại học Cần Thơ | ||
| 260 | |c 2013 | ||
| 520 | |a Phân tích lợi ích kinh tế và đề ra giải pháp nâng cấp chuỗi giá trị cây nhãn xã An Nhơn, tỉnh Đồng Tháp | ||
| 650 | |a Longan,Cây nhãn | ||
| 650 | |x Postharvest technology,Công nghệ sau thu hoạch | ||
| 904 | |i Nguyên | ||
| 915 | |a KT | ||
| 980 | |a Trung tâm Học liệu Trường Đại học Cần Thơ | ||